000 00486nam a22001937a 4500
003 OSt
005 20160728142018.0
008 121121t xxu||||| |||| 00| 0 eng d
020 _a0590417088
050 _aPZ 7
_b.OB13 1982
082 _aKF
_bOb6s 1982
100 _aO'Brien, Robert C.
_95143
245 _aThe Secret of Nimh /
_cRobert C. O'Brien
260 _aNew York.
_bScholastic Inc.
_cc1982.
300 _b19 cm.
_a249 p. :
562 _e1
942 _2lcc
_cBK
999 _c1309
_d1309